Bhagat Singh (Record no. 13922)

MARC details
000 -LEADER
fixed length control field 00376nam a22001697a 4500
003 - CONTROL NUMBER IDENTIFIER
control field OSt
008 - FIXED-LENGTH DATA ELEMENTS--GENERAL INFORMATION
fixed length control field 260429b |||||||| |||| 00| 0 eng d
020 ## - INTERNATIONAL STANDARD BOOK NUMBER
International Standard Book Number 9789376563555
082 ## - DEWEY DECIMAL CLASSIFICATION NUMBER
Classification number 954.92 SYB
100 ## - MAIN ENTRY--PERSONAL NAME
Personal name SYED,MH
245 ## - TITLE STATEMENT
Title Bhagat Singh
250 ## - EDITION STATEMENT
Edition statement 1st Ed
260 ## - PUBLICATION, DISTRIBUTION, ETC. (IMPRINT)
Place of publication, distribution, etc Nagpur
Name of publisher, distributor, etc Himalaya Books
Date of publication, distribution, etc 2026
300 ## - PHYSICAL DESCRIPTION
Extent 279
942 ## - ADDED ENTRY ELEMENTS (KOHA)
Source of classification or shelving scheme Dewey Decimal Classification
Koha item type Reference Books
Holdings
Withdrawn status Lost status Source of classification or shelving scheme Damaged status Not for loan Collection code Home library Current library Date acquired Source of acquisition Currency Cost, normal purchase price Bill Number Total Checkouts Full call number Acc. no. / Barcode Date last seen Actual Cost, discounted price Bill Date Koha item type
    Dewey Decimal Classification     GENERAL PIET C-LIBRARY PIET C-LIBRARY 22/04/2026 Zaffa Books INR 1500.00 ZBD2026-27-0024   954.92 SYB 40002 29/04/2026 1087.50 22/04/2026 Reference Books

Design & Developed by: PIET Central Library
R70 Miles Stone Pattikalyana Samalkha Panipat 132102
mail ID :- [email protected], Phone No:- 0180-2569700 Ex.216